| 000 | 00999nac a22001811u 4500 | ||
|---|---|---|---|
| 008 | 101123s2004 xxu||||| |||| 00| 0 ara d | ||
| 020 | _a9771803301 | ||
| 082 |
_a378.62 _bت ع ل |
||
| 245 |
_aوثائق التعليم العالى فى مصر خلال القرن التاسع عشر .مج 1 / _cفاتن على حسن ، عبد السلام محمود عبد الرحمن ، أيمن أحمد محمد محمود ؛ دراسة وإشراف عبد المنعم إبراهيم الجميعي الجميعي |
||
| 260 |
_aالقاهرة : _bمطبعة دار الكتب والوثائق القومية ،2004 _c2004. |
||
| 300 |
_a774 ص : _bايض ؛ _c32 سم. |
||
| 511 | _aCatalogued by: Sara | ||
| 650 |
_aالتعليم العالي _921526 _zمصر |
||
| 700 |
_aالجميعى ، عبد المنعم إبراهيم _921259 _eدراسة وإشراف |
||
| 700 |
_aحسن ، فاتن على _921258 |
||
| 700 |
_aمحمود، أيمن أحمد محمد _921528 |
||
| 942 |
_cBB _k378.62 ت ع ل _2ddc |
||
| 999 |
_c8164 _d8164 |
||